| 000 | 00957nam a2200265Ia 4500 | ||
|---|---|---|---|
| 003 | OSt | ||
| 005 | 20220925202929.0 | ||
| 006 | a|||||r|||| 00| 0 | ||
| 007 | ta | ||
| 008 | 220923b |||||||| |||| 00| 0 eng d | ||
| 037 | _cGeneral Book | ||
| 040 |
_aRTL _cRTL _beng |
||
| 041 |
_2eng _aeng |
||
| 082 | _aX723.273H.N47<-M57, L6/Th | ||
| 100 |
_aMISHRA Girish _925651 |
||
| 245 | 0 |
_aAgrarian problems of a permanently settled district of Bihar (Champaran, 1857-1947) _b A case study. |
|
| 260 |
_aDelhi _bUniversity of Delhi _c1976 |
||
| 300 |
_a483p _ccm. |
||
| 490 | _aUniversity of Delhi, Economics (Deptt. of-), Thesis. Thesis, University of Delhi, Economics (Deptt. of- | ||
| 500 | _aBibliography: P 459-75; Appendix: P 455-83; Glossary: P 455-58 | ||
| 650 | _a Economics | ||
| 650 |
_aLand dTaxation _9264385 |
||
| 942 |
_hX723.273H.N47<-M57, L6/Th _cGB _2CC |
||
| 999 |
_c544666 _d544666 |
||